Senatus consulta Claudianis temporibus facta: una palingenesi delle deliberazioni senatorie dell'età di Claudio, 41-54 D.C
Uloženo v:
| Hlavní autor: | |
|---|---|
| Médium: | Kniha |
| Jazyk: | italština |
| Vydáno: |
Nápoles, Italia
Edizioni Scientifiche Italiane
2010
|
| Edice: | Collana della Facoltà di Giurisprudenza Università del Salento. Nuova Serie.
22 |
| Témata: | |
| Tagy: |
Přidat tag
Žádné tagy, Buďte první, kdo vytvoří štítek k tomuto záznamu!
|
MARC
| LEADER | 00000cam a2200000 a 4500 | ||
|---|---|---|---|
| 001 | UCF3070 | ||
| 003 | CL-VaPUC | ||
| 005 | 20211223074336.0 | ||
| 008 | 120927e20100000IT |||||||||||||||||ita|d | ||
| 999 | |c 349591 |d 349589 | ||
| 020 | |a 9788849520118 | ||
| 040 | |c Pontificia Universidad Católica de Valparaíso | ||
| 082 | 0 | 4 | |a 340.54 BUO 2010 |2 21 |
| 100 | 0 | |a Buongiorno, Pierangelo |9 564982 | |
| 245 | 1 | 0 | |a Senatus consulta Claudianis temporibus facta: una palingenesi delle deliberazioni senatorie dell'età di Claudio, 41-54 D.C |
| 260 | 0 | 3 | |a Nápoles, Italia |b Edizioni Scientifiche Italiane |c 2010 |
| 300 | |a 535 páginas | ||
| 490 | 0 | |a Collana della Facoltà di Giurisprudenza Università del Salento. Nuova Serie. |v 22 | |
| 583 | |a last modification |c 20120927 15:26:00 |k Rodrigo Vera | ||
| 650 | 0 | |a Derecho romano |9 255930 | |
| 650 | 0 | |a Poder político |9 255509 | |
| 650 | 7 | |a SENADO ROMANO |2 CL-VaPUC |9 454325 | |
| 942 | |c BK |2 ddc | ||
| 945 | |d 20120927 00:00:00 |a cmena | ||
| 952 | |0 0 |1 0 |2 ddc |4 0 |6 340_540000000000000_BUO_2010 |7 0 |8 DER_ROM |9 452256 |a BIBDER |b BIBDER |d 2019-11-22 |i 4905652 |l 1 |o 340.54 BUO 2010 |p 4905652 |r 2023-01-25 |s 2020-03-17 |t 1 |w 2019-11-22 |x Ubicación 4to piso |y BK |z Este recurso debe solicitarse con anticipación |k DER | ||